Software Testing (Record no. 8486)

MARC details
000 -LEADER
fixed length control field 00416nam a22001217a 4500
008 - FIXED-LENGTH DATA ELEMENTS--GENERAL INFORMATION
fixed length control field 200219b ||||| |||| 00| 0 eng d
020 ## - INTERNATIONAL STANDARD BOOK NUMBER
International Standard Book Number 9788177581218
082 ## -
Classification number 005.14 DES
100 ## - MAIN ENTRY--PERSONAL NAME
Personal name DESIKAN, Srinivasan & RAMESH, Gopalaswamy
245 ## - TITLE STATEMENT
Title Software Testing
Remainder of title Principles and Practices
Medium English
Number of part/section of a work Paperback: 480 pages
Name of part/section of a work Dimensions: 18.4 x 2.3 x 24.1 cm
250 ## - EDITION STATEMENT
Edition statement 1st
Remainder of edition statement 2005
260 ## - PUBLICATION, DISTRIBUTION, ETC. (IMPRINT)
Place of publication, distribution, etc New Delhi
Name of publisher, distributor, etc Pearson Education
Holdings
Withdrawn status Lost status Source of classification or shelving scheme Damaged status Koha normalized classification for sorting Not for loan Koha collection Location (home branch) Sublocation or collection (holding branch) Date acquired Source of acquisition Currency Cost, normal purchase price Bill Number Koha issues (times borrowed) Koha full call number Piece designation (barcode) Koha date last seen Copy number Actual Cost, discounted price Bill Date Koha item type
    Dewey Decimal Classification   005_140000000000000_DES   B.Tech(CSE) PIET C-LIBRARY PIET C-LIBRARY 19/02/2020 KIRTI PRAKASHAN NEW DELHI IN Rupees 590.00 IN5960   005.14 DES 31662 19/02/2020 1 401.20 03/01/2020 Reference Books

Design & Developed by: PIET Central Library
R70 Miles Stone Pattikalyana Samalkha Panipat 132102
mail ID :- [email protected], Phone No:- 0180-2569700 Ex.216